000 00985 a2200205 4500
001 59709
005 20260407155851.0
008 260407a1973 arg spa d
003 AR-UNSa-BCEJYS
040 _aAR-UNSa-BCEJYS
_bspa
_cAR-UNSa-BCEJYS
080 _a340.12
_xTendencias en la teoría del derecho. Escuelas, doctrinas jurídicas. Filosofía del derecho. Teorías sobre el Estado y el derecho
245 1 0 _aLos conceptos básicos del derecho
264 1 _aBuenos Aires :
_bAstrea
_c1973
300 _a135 p.
_c20 cm.
505 _a1. La teoría de los conceptos jurídicos básicos - 2. El concepto de sanción – 3. El concepto de acto antijurídico (delito) – 4. El concepto de responsabilidad – 5. El concepto de deber jurídico – 6. El concepto de derecho subjetivo – 7. Capacidad jurídica y competencia – 8. El concepto de persona jurídica
041 _aspa
942 _cBK
590 _aniveau_biblio:m niveau_hierar:0
100 1 _aNino, Carlos Santiago
999 _c6792
_d6792